Acoso escolar: desarrollo, prevención y herramientas de trabajo

Na minha lista:
Detalhes bibliográficos
Principais autores: Blanchard Giménez, Mercedes (Autor), Muzás Rubio, Estíbaliz (Autor)
Formato: Livro
Idioma:espanhol
Publicado em: Santiago Narcea 2007
coleção:Colección Materiales 12/16 para Educación Secundaria. Orientación y Tutoría
Assuntos:
Tags: Adicionar Tag
Sem tags, seja o primeiro a adicionar uma tag!

MARC

LEADER 00000nam a2200000 a 4500
001 UCI8653
003 CL-VaPUC
008 080911e20070000CL |||||||||||||||||spa|d
020 |a 9788427715561 
082 0 4 |a 371.782  |b BLA  |2 21 
100 0 |a Blanchard Giménez, Mercedes  |e author  |9 532207 
700 0 |a Muzás Rubio, Estíbaliz  |e author  |9 532208 
245 1 0 |a Acoso escolar: desarrollo, prevención y herramientas de trabajo 
300 |a 111 p 
942 |c BK 
945 |d 20080911 00:00:00  |a jtorresc 
260 |a Santiago  |b Narcea  |c 2007 
650 0 |a Violencia escolar  |9 453211 
650 7 |a BULLYING  |2 CL-VaPUC  |9 525095 
650 0 |a Acoso escolar  |9 531527 
650 0 |a Alumnos agresivos  |9 525094 
583 |a last modification  |c 20080911 00:00:00  |k Rodrigo Vera 
490 0 |a Colección Materiales 12/16 para Educación Secundaria. Orientación y Tutoría 
999 |c 331469  |d 331467 
952 |0 0  |1 0  |4 0  |6 371_782000000000000_BLA_2007  |7 0  |8 A  |9 418150  |a BIBEDU  |b BIBEDU  |d 2019-11-22  |i 4480996  |o 371.782 BLA 2007  |p 4480996  |r 2022-03-30  |w 2019-11-22  |y BK  |k EPE